Heartbeat - The Fray Lyrics - Statistics

General Stats
  • This quiz has been taken 4 times
  • The average score is 136 of 318
Answer Stats
Lyric % Correct
heart
100%
heartbeat
75%
I
75%
in
75%
love
75%
you
75%
a
50%
all
50%
an
50%
and
50%
around
50%
can
50%
coming
50%
'em
50%
feel
50%
feeling
50%
fire
50%
got
50%
If
50%
if
50%
I'm
50%
i'm
50%
it
50%
me
50%
of
50%
oh
50%
Oh
50%
same
50%
somebody
50%
the
50%
we
50%
We're
50%
we're
50%
yeah
50%
your
50%
you're
50%
baby
25%
back
25%
burning
25%
but
25%
'cause
25%
desire
25%
gotta
25%
highway
25%
is
25%
it's
25%
just
25%
kerosene
25%
kiss
25%
know
25%
memory
25%
now
25%
on
25%
put
25%
rain
25%
start
25%
tell
25%
to
25%
together
25%
truck
25%
try
25%
wanna
25%
anything
0%
body
0%
breath
0%
don't
0%
down
0%
flame
0%
for
0%
into
0%
keep
0%
let
0%
look
0%
mind
0%
night
0%
not
0%
open-bed
0%
out
0%
right
0%
run
0%
running
0%
rushing
0%
scars
0%
see
0%
singing
0%
someone
0%
story
0%
sun
0%
that
0%
think
0%
thought
0%
'til
0%
tonight
0%
trying
0%
went
0%
No matching quizzes found
Score Distribution
Percent of People with Each Score
Percentile by Number Answered
Your Score History
You have not taken this quiz